Signe astrologique Gossip Girl - Statistiques

Statistiques générales
  • Ce quiz a été pris 552 fois
  • Le résultat moyen est 5 sur 8
Statistiques - réponses
Hint Réponse % Correct
Blair Waldorf Verseau
78%
Serena Van Der Woodsen Cancer
75%
Chuck Bass Capricorne
65%
Nate Archibald Bélier
56%
Dan Humphrey Taureau
53%
Lily Van Der Woodsen Lion
48%
Eric Van Der Woodsen Vierge
47%
Jenny Humphrey Bélier
46%
Aucun quiz correspondant
Distribution des résultats
% des personnes avec chaque résultat
Percentile par nombre de réponses
Votre historique - résultats
Vous n’avez pas pris ce quiz